[Event "POL-chT3 Dolnoslaskie 1516"]
[Site "Poland"]
[Date "2015.10.18"]
[Round "1.24"]
[White "Borowski, Przemyslaw"]
[Black "Szpinda, Piotr"]
[Result "0-1"]
[WhiteElo "1702"]
[BlackElo "1383"]
[PlyCount "68"]
[EventDate "2015.10.18"]
[EventType "team-tourn"]
[EventRounds "11"]
[EventCountry "POL"]
[SourceTitle "EXT 2018"]
[Source "ChessBase"]
[SourceDate "2017.10.13"]
[SourceVersion "1"]
[SourceVersionDate "2017.10.13"]
[SourceQuality "1"]

1. Nf3 Nf6 2. c4 g6 3. Nc3 Bg7 4. e4 0-0 5. e5 Ne8 6. d4 d6 7. Bf4 Nc6 8. exd6 cxd6 9. d5 Nb8 10. Bd3 Nf6 11. 0-0 Nbd7 12. Re1 Nh5 13. Bg5 Re8 14. Rc1 Ne5 15. Nxe5 Bxe5 16. c5 a6 17. Rc2 f6 18. Be3 dxc5 19. Bxc5 Qc7 20. Na4 Bxh2+ 21. Kh1 Bd6 22. Nb6 Rb8 23. Bd4 Qd8 24. Nxc8 Rxc8 25. Qg4 Rxc2 26. Qe6+ Kf8 27. Bxc2 Ng7 28. Qe4 Qd7 29. Qh4 Kg8 30. g4 Rc8 31. Bb3 b5 32. Kg2 g5 33. Qh3 h5 34. Bd1 Rc4 0-1